|
|
|
|
| LEADER |
00000nam a2200000 i 4500 |
| 001 |
1/77010 |
| 008 |
960523s1987 gre d |
| 035 |
|
|
|a 1989
|b 2
|c Δωρεά
|l 10032555
|
| 040 |
|
|
|a GR-MY-UA
|b gre
|e aacr
|
| 041 |
0 |
|
|a gre
|
| 082 |
0 |
|
|a 512.007
|
| 100 |
1 |
|
|a Βαρουχάκης, Νικόλαος.
|
| 245 |
1 |
0 |
|a Μαθηματικά :
|b Α' λυκείου : άλγεβρα /
|c Ν. Βαρουχάκης ... [κ. ά.]
|
| 260 |
|
|
|a Αθήνα :
|b Ο.Ε.Δ.Β.,
|c 1987
|
| 300 |
|
|
|a 190 σ.
|
| 650 |
0 |
0 |
|a Algebra
|x Study and teaching (Secondary)
|z Greece.
|
| 852 |
|
|
|a INST
|b RHODES
|e 19960523
|h 512.007 ΜΑΘ
|p 005400001618
|q 005400001618
|t BK
|y 620
|
| 852 |
|
|
|a INST
|b RHODES
|e 19960523
|h 512.007 ΜΑΘ
|p 005400001619
|q 005400001619
|t BK
|y 0
|
| 852 |
|
|
|a INST
|b RHODES
|e 19960523
|h 512.007 ΜΑΘ
|p 005400001620
|q 005400001620
|t BK
|y 620
|
| 909 |
|
|
|a Ρ
|b 014452
|c 1989
|
| 909 |
|
|
|a Ρ
|b 014453
|c 1989
|
| 909 |
|
|
|a Ρ
|b 014454
|c 1989
|